|
|
|
|
| LEADER |
00000nam a22000007a 4500 |
| 005 |
20180406204759.0 |
| 007 |
cr|||| |||| |
| 008 |
180406s2018 mx |||||s|||| 00||0 spa d |
| 020 |
|
|
|a 978-607-8552-35-1
|
| 035 |
|
|
|a 21330
|
| 040 |
|
|
|a vLex
|
| 090 |
|
|
|c 7680
|d 7680
|
| 245 |
0 |
0 |
|a Normas de Informacin̤ Financiera (NIF) 2018
|h [Recurso electrn̤ico] /
|
| 256 |
|
|
|a Servicio en ln̕ea
|
| 260 |
|
|
|a Mx̌ico DF:
|b Instituto Mexicano de Contadores Pb︢licos,
|c 2018
|
| 300 |
|
|
|a 1 recurso electrn̤ico
|
| 506 |
1 |
|
|a Disponible solo en los productos indicados
|d vLex Global
|d vLex Global (Academic Edition, excluding Law Schools)
|d vLex Global (U.S. Academic Edition, Law Schools)
|d vLex Global (U.S. Academic Edition, excluding Law Schools)
|d vLex Global (Academic Edition, Law Schools)
|
| 650 |
0 |
4 |
|a Paquetes Especiales
|z Mx̌ico
|
| 740 |
0 |
|
|a vLex Libros (Servicio en ln̕ea)
|
| 856 |
4 |
0 |
|u http://vlex.com/source/normas-informacion-financiera-nif-2018-21330
|z Acceso restringido
|
| 942 |
|
|
|c BOOK
|
| 999 |
0 |
|
|a Special Packages
|